|
|
|
|
| LEADER |
00000nam0a2200000 4500 |
| 001 |
160526 |
| 005 |
20231031155606.0 |
| 010 |
|
|
|a 5702004183
|
| 020 |
|
|
|a RU
|b 94-2445
|
| 035 |
|
|
|a (RuTPU)RU\TPU\book\174073
|
| 090 |
|
|
|a 160526
|
| 100 |
|
|
|a 20090525d1994 m y0rusy5003 ca
|
| 101 |
1 |
|
|a rus
|c eng
|
| 102 |
|
|
|a RU
|
| 105 |
|
|
|a y z 000ay
|
| 200 |
1 |
|
|a Игры патриотов
|e [пер. с англ.]
|f Т. Клэнси
|
| 210 |
|
|
|a Москва
|c Новости
|c Liberty
|d 1994
|
| 215 |
|
|
|a 447 с.
|
| 225 |
1 |
|
|a Мировой бестселлер
|e МБ
|
| 333 |
|
|
|a Исключено из фонда НТБ ТПУ
|
| 700 |
|
1 |
|a Клэнси
|b Т.
|g Том
|
| 801 |
|
0 |
|a RU
|b RuMRKP
|c 19950413
|g psbo
|
| 801 |
|
1 |
|a RU
|b 63413507
|c 20090525
|g PSBO
|
| 801 |
|
2 |
|a RU
|b 63413507
|c 20220623
|g PSBO
|
| 942 |
|
|
|c BK
|